<?xml version="1.0" encoding="UTF-8"?><?xml-stylesheet type="text/xsl" href="static/style.xsl"?><OAI-PMH xmlns="http://www.openarchives.org/OAI/2.0/" xmlns:xsi="http://www.w3.org/2001/XMLSchema-instance" xsi:schemaLocation="http://www.openarchives.org/OAI/2.0/ http://www.openarchives.org/OAI/2.0/OAI-PMH.xsd"><responseDate>2026-04-14T03:33:54Z</responseDate><request verb="GetRecord" identifier="oai:www.recercat.cat:10230/57094" metadataPrefix="marc">https://recercat.cat/oai/request</request><GetRecord><record><header><identifier>oai:recercat.cat:10230/57094</identifier><datestamp>2025-12-18T01:19:47Z</datestamp><setSpec>com_2072_6</setSpec><setSpec>col_2072_452952</setSpec></header><metadata><record xmlns="http://www.loc.gov/MARC21/slim" xmlns:dcterms="http://purl.org/dc/terms/" xmlns:xsi="http://www.w3.org/2001/XMLSchema-instance" xmlns:doc="http://www.lyncode.com/xoai" xsi:schemaLocation="http://www.loc.gov/MARC21/slim http://www.loc.gov/standards/marcxml/schema/MARC21slim.xsd">
   <leader>00925njm 22002777a 4500</leader>
   <datafield ind2=" " ind1=" " tag="042">
      <subfield code="a">dc</subfield>
   </datafield>
   <datafield ind2=" " ind1=" " tag="720">
      <subfield code="a">Magaña Fernández, Pablo</subfield>
      <subfield code="e">author</subfield>
   </datafield>
   <datafield ind2=" " ind1=" " tag="260">
      <subfield code="c">2023-06-07T06:23:05Z</subfield>
   </datafield>
   <datafield ind2=" " ind1=" " tag="260">
      <subfield code="c">2023-06-07T06:23:05Z</subfield>
   </datafield>
   <datafield ind2=" " ind1=" " tag="260">
      <subfield code="c">2022</subfield>
   </datafield>
   <datafield ind2=" " ind1=" " tag="520">
      <subfield code="a">¿Qué papel juegan los animales no humanos en la filosofía política de John Rawls? En este artículo identifico tres posibles respuestas. Según la respuesta integracionista, los animales pueden ser incluidos en su teoría de la justicia, como genuinos receptores de deberes de justicia. De acuerdo con la respuesta compatibilista, por otra parte, los animales no pueden ser incluidos en la teoría de la justicia de Rawls, pero sí encajan en su teoría política más amplia. Por último, según la respuesta del conflicto, existe una tensión entre el reconocimiento del estatus moral de los animales y algunos elementos esenciales del pensamiento político de Rawls. El objetivo principal de este artículo es defender esta última respuesta. Para ello, argumento en primer lugar que los principales intentos de integrar a los animales en la teoría de la justicia rawlsiana no logran alcanzar su objetivo, pues acaban contradiciendo elementos esenciales de dicha teoría. En segundo lugar, defiendo también que la estrategia compatibilista es insatisfactoria, pues se muestra incapaz de incorporar ciertas asunciones centrales de la ética animal.</subfield>
   </datafield>
   <datafield tag="653" ind2=" " ind1=" ">
      <subfield code="a">John Rawls</subfield>
   </datafield>
   <datafield tag="653" ind2=" " ind1=" ">
      <subfield code="a">justicia</subfield>
   </datafield>
   <datafield tag="653" ind2=" " ind1=" ">
      <subfield code="a">animales no humanos</subfield>
   </datafield>
   <datafield tag="653" ind2=" " ind1=" ">
      <subfield code="a">liberalismo político</subfield>
   </datafield>
   <datafield tag="653" ind2=" " ind1=" ">
      <subfield code="a">posición original</subfield>
   </datafield>
   <datafield tag="653" ind2=" " ind1=" ">
      <subfield code="a">deberes morales</subfield>
   </datafield>
   <datafield ind2="0" ind1="0" tag="245">
      <subfield code="a">¿Caben los animales en la filosofía política de John Rawls?</subfield>
   </datafield>
</record></metadata></record></GetRecord></OAI-PMH>